| 000 | 01392nam a2200301 i 4500 | ||
|---|---|---|---|
| 001 | 768714001 | ||
| 003 | CO-MdFUSB | ||
| 005 | 20221003102934.0 | ||
| 007 | ta | ||
| 008 | 220830t1979 ck |||| |||| 00| 0 spa d | ||
| 020 | _q[No incluye ISBN] | ||
| 040 |
_aCO-MdFUSB _bspa _cCO-MdFUSB _dCO-MdFUSBC _erda |
||
| 041 | _aspa | ||
| 082 |
_223 _a337.09386 _bOS83 |
||
| 100 |
_aOsorio Ochoa, Iván Darío, _eautor |
||
| 245 |
_aDe la transición precapitalista a la segunda guerra mundial y las relaciones con la historia colombiana _c/ Iván Darío Osorio Ochoa |
||
| 264 | 1 |
_aMedellin, Colombia : _bEDITEC, _c[1979] |
|
| 264 | 4 | _c© 1979 | |
| 300 |
_a421 páginas _c; 24 cm |
||
| 336 |
_2rdacontent _atexto _btxt |
||
| 337 |
_2rdamedia _asin mediación _bn |
||
| 338 |
_2rdacarrier _avolumen _bnc |
||
| 505 | _aBreve esquema acerca de la disolución del modo de producción feudal (etapa de transición precapitalista). -- De las revoluciones burguesas a la doctrina Monroe. Principios del siglo XIX. Modo de producción capitalista. -- Características generales del desarrollo político en el siglo XIX. -- La época del imperialismo y la revolución soviética. -- Desarrollo histórico a partir de 1920. La crisis del capitalismo mundial y el ascenso del fascismo. | ||
| 563 | _aRústico | ||
| 650 | 0 |
_2embne _9397 _aCapitalismo _xHistoria. _zColombia |
|
| 942 | _cBK | ||
| 945 | _aJTF-925 | ||
| 999 |
_c68110 _d68110 |
||